Statistiken für Beste Fußballer aus dem Ruhrgebiet

Klicken Sie hier um das Quiz zu spielen!

Allgemein

  • Dieses Quiz wurde 145 mal gespielt
    (144 seit der letzten Aktualisierung)
  • Das Durchschnittsergebnis liegt bei 7 aus 15

Antwortstatistiken

GeburtsortMarktwertAkt. VereinSpieler% Korrekt
Bochum40 Mio €BayernLeon Goretzka
94%
Gelsenkirchen18 Mio €BarcelonaIlkay Gündogan
85%
Essen80 Mio €BayernLeroy Sane
85%
Gelsenkirchen5 Mio €BayernManuel Neuer
66%
Hamm12 Mio €HeidenheimJan-Niklas Beste
55%
Castrop-Rauxel17 Mio €StuttgartChris Führich
54%
Dortmund7 Mio €DortmundMarco Reus
54%
Dortmund9 Mio €BremenMarvin Ducksch
54%
Bochum8 Mio €LiverpoolJoel Matip
49%
Gladbeck5 Mio €Al-AhliJulian Draxler
32%
Mülheim8 Mio €SchalkeAssar Ouedraogo
22%
Gelsenkirchen4,5 Mio €GalatasarayKaan Ayhan
20%
Duisburg8 Mio €GladbachRocco Reitz
17%
Herten4,7 Mio €GalatasarayKerem Demirbay
15%
Essen8 Mio €StuttgartAtakan Karazor
13%

Verteilung der Resultate

Perzentil nach korrekt beantworteten Fragen

Anzahl Personen mit jedem Resultat

Ihre Resultats-Entwicklung

Sie haben dieses Quiz seit der letzten Aktualisierung nicht gespielt